Grenzüberschreitendes Quiz - Statistiken

Allgemein
  • Dieses Quiz wurde 86 mal gespielt
  • Das Durchschnittsergebnis liegt bei 14 aus 16
Antwortstatistiken
Start-Land Himmelsrichtung Ziel-Land % Korrekt
Dänemark Süden Deutschland
100%
Schweiz Süden Italien
98%
Spanien Westen Portugal
96%
Mexiko Norden Vereinigte Staaten
96%
Nepal Süden Indien
94%
Kasachstan Norden Russland
94%
Mongolei Süden China
93%
Bulgarien Norden Rumänien
93%
Jemen Norden Saudi-Arabien
91%
Ecuador Süden Peru
90%
Kambodscha Osten Vietnam
90%
Botsuana Süden Südafrika
80%
Namibia Norden Angola
79%
Ghana Osten Togo
77%
Belize Westen Guatemala
76%
Kamerun Westen Nigeria
70%
Keine übereinstimmenden Quizze gefunden
Verteilung der Resultate
Anzahl Personen mit jedem Resultat
Perzentil nach korrekt beantworteten Fragen
Ihre Resultats-Entwicklung
Sie haben dieses Quiz noch nicht gespielt